[Event "Titled Tuesday intern op 16th Jan Late"]
[Site "Chess.com INT"]
[Date "2024.01.16"]
[Round "6"]
[White "Dubessay, Bastien"]
[Black "Bazzano, Sebastian"]
[Result "1-0"]
[WhiteElo "2249"]
[BlackElo "2288"]
[PlyCount "75"]
[EventDate "2024.01.16"]
[EventType "swiss (blitz)"]
[EventRounds "11"]
[EventCountry "USA"]
[SourceTitle "CB04_2024"]
[SourceDate "2023.10.16"]
[SourceVersion "1"]
[SourceVersionDate "2023.10.16"]
[SourceQuality "1"]

1. e4 e6 2. d4 d5 3. e5 b6 4. Nf3 Qd7 5. c3 Ba6 6. Bxa6 Nxa6 7. 0-0 c5 8. a3 Ne7 9. b4 c4 10. a4 Nc7 11. Na3 a6 12. Nc2 Ng6 13. h4 Ne7 14. h5 h6 15. g4 Nc6 16. Nh4 Be7 17. Ng2 Na7 18. f4 0-0-0 19. b5 a5 20. Nce3 g6 21. hxg6 fxg6 22. Ba3 Bxa3 23. Rxa3 Rdg8 24. Ra2 Kb7 25. Raf2 Nc8 26. Qf3 Ne7 27. Nxc4 Ka7 28. Nd6 Nc8 29. Nxc8+ Qxc8 30. Ne3 h5 31. g5 Qd7 32. Rc1 Rc8 33. Rfc2 Ne8 34. c4 dxc4 35. Rxc4 Ng7 36. d5 exd5 37. Qxd5 Qh3 38. Rc7+ 1-0

[Event "Titled Tuesday intern op 16th Jan Late"]
[Site "Chess.com INT"]
[Date "2024.01.16"]
[Round "9"]
[White "Reprintsev, Alexander"]
[Black "Bazzano, Sebastian"]
[Result "0-1"]
[WhiteElo "2234"]
[BlackElo "2288"]
[PlyCount "74"]
[EventDate "2024.01.16"]
[EventType "swiss (blitz)"]
[EventRounds "11"]
[EventCountry "USA"]
[SourceTitle "CB04_2024"]
[SourceDate "2023.10.16"]
[SourceVersion "1"]
[SourceVersionDate "2023.10.16"]
[SourceQuality "1"]

1. e4 e6 2. d4 d5 3. Nc3 dxe4 4. Nxe4 Bd7 5. Nf3 Bc6 6. Bd3 Bxe4 7. Bxe4 c6 8. c3 Nf6 9. Bc2 Bd6 10. Qe2 Nbd7 11. Bg5 Qc7 12. h3 Bf4 13. Bxf4 Qxf4 14. g3 Qc7 15. 0-0-0 0-0-0 16. Rhe1 Rhe8 17. Ne5 Nxe5 18. Qxe5 Qxe5 19. Rxe5 Rd5 20. f4 Nd7 21. Re3 Rd6 22. Bxh7 g6 23. h4 Rh8 24. Bxg6 fxg6 25. Rde1 Nf8 26. Kc2 Rh7 27. Kd3 c5 28. Re4 cxd4 29. Rxd4 Rhd7 30. Rxd6 Rxd6+ 31. Ke3 Kd7 32. g4 Ke7 33. Rh1 Ra6 34. a3 Kf6 35. h5 gxh5 36. Rxh5 Rb6 37. b4 Ra6 0-1

[Event "Titled Tuesday intern op 09th Jan Early"]
[Site "Chess.com INT"]
[Date "2024.01.09"]
[Round "3"]
[White "Bazzano, Sebastian"]
[Black "Burmakin, Evgeniy"]
[Result "0-1"]
[WhiteElo "2288"]
[BlackElo "2166"]
[PlyCount "94"]
[EventDate "2024.01.09"]
[EventType "swiss (blitz)"]
[EventRounds "11"]
[EventCountry "USA"]
[SourceTitle "CB03_2024"]
[SourceDate "2024.01.17"]
[SourceVersion "1"]
[SourceVersionDate "2024.01.17"]
[SourceQuality "1"]

1. d4 Nf6 2. Bf4 g6 3. Nc3 d5 4. e3 Bg7 5. h4 h5 6. Nf3 Bg4 7. Be2 Nbd7 8. Ne5 Bxe2 9. Qxe2 Nxe5 10. Bxe5 c6 11. e4 dxe4 12. Nxe4 0-0 13. 0-0 Qd5 14. Nc3 Qe6 15. Rfe1 Rfe8 16. Rad1 Rad8 17. a3 Nd5 18. Bxg7 Qxe2 19. Rxe2 Nxc3 20. bxc3 Kxg7 21. Rde1 e6 22. Rb1 Re7 23. Re5 f6 24. Ra5 a6 25. f3 Rd5 26. Rxd5 cxd5 27. Kf2 b5 28. Ke3 Rc7 29. Kd3 Rc4 30. Rb4 Kf7 31. Rxc4 bxc4+ 32. Ke3 g5 33. hxg5 fxg5 34. f4 g4 35. a4 h4 36. Kf2 Kf6 37. Ke2 Kf5 38. Ke3 h3 39. gxh3 gxh3 40. Kf3 a5 41. Kg3 h2 42. Kxh2 Kxf4 43. Kg2 Ke3 44. Kg3 Kd2 45. Kf4 Kxc2 46. Ke5 Kxc3 47. Kxe6 Kxd4 0-1

[Event "Titled Tuesday intern op 09th Jan Early"]
[Site "Chess.com INT"]
[Date "2024.01.09"]
[Round "2"]
[White "Dinu, Dumitru Daniel"]
[Black "Bazzano, Sebastian"]
[Result "1-0"]
[WhiteElo "2190"]
[BlackElo "2288"]
[PlyCount "77"]
[EventDate "2024.01.09"]
[EventType "swiss (blitz)"]
[EventRounds "11"]
[EventCountry "USA"]
[SourceTitle "CB03_2024"]
[SourceDate "2024.01.17"]
[SourceVersion "1"]
[SourceVersionDate "2024.01.17"]
[SourceQuality "1"]

1. e4 e6 2. d4 d5 3. Nc3 dxe4 4. Nxe4 Bd7 5. Nf3 Bc6 6. Bd3 Bxe4 7. Bxe4 c6 8. 0-0 Nf6 9. Bd3 Bd6 10. Re1 Nbd7 11. c3 0-0 12. Qc2 Qc7 13. h3 Bf4 14. Bxf4 Qxf4 15. Ne5 g6 16. Re3 Nxe5 17. dxe5 Nd7 18. Rae1 Rfd8 19. Qe2 Nf8 20. Re4 Qg5 21. h4 Qh6 22. Qf3 Rd7 23. Bc4 Rad8 24. Rf4 Qg7 25. g3 Rd2 26. b4 Nd7 27. Qe3 Nb6 28. Bb3 R2d3 29. Qc5 Qf8 30. Qa5 Nd5 31. Bxd5 R8xd5 32. Qxa7 Rxc3 33. Qxb7 Rd2 34. a4 Rcc2 35. a5 Ra2 36. a6 Ra3 37. Qxc6 Rda2 38. b5 Qd8 39. Rc1 1-0

[Event "Titled Tuesday intern op 12th Sep Late"]
[Site "Chess.com INT"]
[Date "2023.09.12"]
[Round "9"]
[White "Bazzano, Sebastian"]
[Black "Sarkar, Justin"]
[Result "1-0"]
[WhiteElo "2288"]
[BlackElo "2290"]
[PlyCount "45"]
[EventDate "2023.09.12"]
[EventType "swiss (blitz)"]
[EventRounds "11"]
[EventCountry "USA"]
[SourceTitle "EXT 2024"]
[Source "ChessBase"]
[SourceDate "2023.10.10"]
[SourceVersion "1"]
[SourceVersionDate "2023.10.10"]
[SourceQuality "1"]

1. d4 b6 2. e4 Bb7 3. Nc3 e6 4. Bf4 Bb4 5. f3 d5 6. e5 c5 7. a3 Bxc3+ 8. bxc3 Ne7 9. Nh3 0-0 10. Bd3 Ba6 11. 0-0 Bxd3 12. Qxd3 Nbc6 13. Bg5 Qc7 14. f4 cxd4 15. cxd4 Nf5 16. c3 h6 17. g4 Nfe7 18. Bh4 Qd7 19. f5 exf5 20. gxf5 g6 21. fxg6 fxg6 22. Bf6 Nf5 23. Nf4 1-0

[Event "Titled Tuesday intern op 12th Sep Late"]
[Site "Chess.com INT"]
[Date "2023.09.12"]
[Round "6"]
[White "Bazzano, Sebastian"]
[Black "Weisz, Bryan"]
[Result "1-0"]
[WhiteElo "2288"]
[BlackElo "1985"]
[PlyCount "93"]
[EventDate "2023.09.12"]
[EventType "swiss (blitz)"]
[EventRounds "11"]
[EventCountry "USA"]
[SourceTitle "EXT 2024"]
[Source "ChessBase"]
[SourceDate "2023.10.10"]
[SourceVersion "1"]
[SourceVersionDate "2023.10.10"]
[SourceQuality "1"]

1. d4 e6 2. Bf4 g5 3. Be5 f6 4. Bg3 Bg7 5. e4 h5 6. h4 g4 7. Bd3 Ne7 8. Ne2 b6 9. Nbc3 Bb7 10. Qd2 Na6 11. a3 c5 12. d5 e5 13. d6 Nc8 14. Bc4 Bf8 15. Qd3 Nxd6 16. Bxa6 Bc6 17. a4 Qc7 18. Nd5 Bxd5 19. Qxd5 Rb8 20. Bxe5 fxe5 21. Qxe5+ Kf7 22. Qxh8 Bg7 23. Qxh5+ Kg8 24. Bc4+ Nxc4 25. Qd5+ Kh8 26. Qxc4 Rf8 27. 0-0 Qd8 28. g3 Qf6 29. Rad1 d6 30. Nf4 Bh6 31. Qe6 Bxf4 32. Qxf6+ Rxf6 33. gxf4 Rxf4 34. Rfe1 Rf6 35. Rd5 Kg7 36. Rg5+ Kf7 37. Rf5 Rxf5 38. exf5 d5 39. Re6 d4 40. Rg6 a6 41. h5 b5 42. axb5 axb5 43. h6 c4 44. h7 c3 45. h8Q cxb2 46. Qh7+ Kf8 47. Rg8# 1-0

[Event "Titled Tuesday intern op 05th Sep Late"]
[Site "Chess.com INT"]
[Date "2023.09.05"]
[Round "9"]
[White "Bazzano, Sebastian"]
[Black "Vargas, Mauricio"]
[Result "1-0"]
[WhiteElo "2288"]
[BlackElo "1961"]
[PlyCount "49"]
[EventDate "2023.09.05"]
[EventType "swiss (blitz)"]
[EventRounds "11"]
[EventCountry "USA"]
[SourceTitle "EXT 2024"]
[Source "ChessBase"]
[SourceDate "2023.10.10"]
[SourceVersion "1"]
[SourceVersionDate "2023.10.10"]
[SourceQuality "1"]

1. d4 d5 2. Bf4 h5 3. Nf3 Bf5 4. e3 Be4 5. Nbd2 e6 6. h3 Be7 7. Nxe4 dxe4 8. Nd2 f5 9. Be2 Nf6 10. Bg5 g6 11. 0-0 Qd6 12. Nc4 Qd5 13. Ne5 Nbd7 14. c4 Qa5 15. Nxg6 Rg8 16. Bxh5 c6 17. Nf4+ Nxh5 18. Qxh5+ Kd8 19. Nxe6+ Kc8 20. Bxe7 b6 21. d5 cxd5 22. Qxf5 Kb7 23. Rad1 Nc5 24. Qxd5+ Ka6 25. Nc7# 1-0

[Event "Titled Tuesday intern op 05th Sep Late"]
[Site "Chess.com INT"]
[Date "2023.09.05"]
[Round "6"]
[White "Kosakowski, Jakub"]
[Black "Bazzano, Sebastian"]
[Result "1-0"]
[WhiteElo "2494"]
[BlackElo "2288"]
[PlyCount "81"]
[EventDate "2023.09.05"]
[EventType "swiss (blitz)"]
[EventRounds "11"]
[EventCountry "USA"]
[SourceTitle "EXT 2024"]
[Source "ChessBase"]
[SourceDate "2023.10.10"]
[SourceVersion "1"]
[SourceVersionDate "2023.10.10"]
[SourceQuality "1"]

1. e4 e6 2. d4 d5 3. Bd3 dxe4 4. Bxe4 Nf6 5. Bf3 Be7 6. Ne2 0-0 7. 0-0 c5 8. Nbc3 Nc6 9. Be3 cxd4 10. Nxd4 Nxd4 11. Qxd4 Qxd4 12. Bxd4 Bd7 13. Bxb7 Rab8 14. Bf3 a6 15. Rad1 Rfd8 16. Be5 Rbc8 17. Bb7 Rc5 18. Bd4 Rg5 19. Be3 Rg6 20. Bxa6 Kf8 21. f3 Rb8 22. b3 Bb4 23. Ne4 Bc6 24. Nxf6 gxf6 25. Bd3 f5 26. c3 Ba5 27. b4 Bc7 28. c4 Ke7 29. b5 Ba8 30. Bc5+ Kf6 31. a4 Rbg8 32. Rd2 Bf4 33. Re2 h5 34. a5 h4 35. a6 h3 36. g3 Bxg3 37. hxg3 Rxg3+ 38. Kh2 Rxf3 39. Rxf3 Bxf3 40. Rf2 Bg2 41. b6 1-0

[Event "Titled Tuesday intern op 08th Aug Late"]
[Site "Chess.com INT"]
[Date "2023.08.08"]
[Round "6"]
[White "Bazzano, Sebastian"]
[Black "Davidson, Kevin"]
[Result "0-1"]
[WhiteElo "2288"]
[BlackElo "2154"]
[PlyCount "84"]
[EventDate "2023.08.08"]
[EventType "swiss (blitz)"]
[EventRounds "11"]
[EventCountry "USA"]
[SourceTitle "EXT 2024"]
[Source "ChessBase"]
[SourceDate "2023.10.10"]
[SourceVersion "1"]
[SourceVersionDate "2023.10.10"]
[SourceQuality "1"]

1. d4 Nf6 2. Bf4 g6 3. Nc3 Bg7 4. e4 d6 5. Qd2 c6 6. 0-0-0 b5 7. Bd3 b4 8. Nce2 Qa5 9. a3 Na6 10. Bxa6 Qxa6 11. Qxb4 Nxe4 12. Be3 0-0 13. Ng3 Nf6 14. Nf3 Bg4 15. h3 Rab8 16. Qd2 Bxf3 17. gxf3 Nd5 18. h4 Qc4 19. c3 Rb3 20. Qd3 Qxd3 21. Rxd3 Rfb8 22. Rd2 f5 23. f4 h5 24. Re1 Kf7 25. Ne2 a5 26. Ng1 Nxc3 27. Nf3 Ne4 28. Ng5+ Nxg5 29. fxg5 c5 30. dxc5 Bxb2+ 31. Kc2 Bc3 32. Rd3 Bxe1 33. Rxb3 Rxb3 34. Kxb3 dxc5 35. Bxc5 e5 36. Kc4 Ke6 37. Kb5 Kd5 38. Bb6 e4 39. Bxa5 Bxf2 40. Bb4 e3 41. a4 e2 42. a5 e1Q 0-1

[Event "Titled Tuesday intern op 27th Jun Late"]
[Site "Chess.com INT"]
[Date "2023.06.27"]
[Round "1"]
[White "Bazzano, Sebastian"]
[Black "Sargsyan, Anna M"]
[Result "0-1"]
[WhiteElo "2288"]
[BlackElo "2375"]
[PlyCount "60"]
[EventDate "2023.06.27"]
[EventType "swiss (blitz)"]
[EventRounds "11"]
[EventCountry "USA"]
[SourceTitle "EXT 2024"]
[Source "ChessBase"]
[SourceDate "2023.10.10"]
[SourceVersion "1"]
[SourceVersionDate "2023.10.10"]
[SourceQuality "1"]

1. d4 d5 2. Bf4 Nf6 3. e3 c6 4. c3 Bf5 5. Nd2 e6 6. Ngf3 Be7 7. Ne5 h6 8. Be2 Nbd7 9. 0-0 0-0 10. Rc1 Nxe5 11. Bxe5 Rc8 12. c4 Ne4 13. Nxe4 Bxe4 14. Bd3 Bxd3 15. Qxd3 Qa5 16. a3 Rfd8 17. c5 b6 18. b4 Qa4 19. Bg3 Ra8 20. h3 Rdc8 21. Rc3 Bd8 22. Rfc1 a5 23. cxb6 Bxb6 24. bxa5 Bxa5 25. Rc5 Bd8 26. Kh2 Be7 27. R5c3 Ra6 28. Rb1 Rca8 29. Rcb3 g6 30. Rb8+ Kg7 0-1

[Event "Titled Tuesday intern op 29th Nov Late"]
[Site "Chess.com INT"]
[Date "2022.11.29"]
[Round "4"]
[White "Rosenberg, Evan"]
[Black "Bazzano, Sebastian"]
[Result "1-0"]
[WhiteElo "1964"]
[BlackElo "2280"]
[PlyCount "83"]
[EventDate "2022.11.29"]
[EventType "swiss (blitz)"]
[EventRounds "11"]
[EventCountry "USA"]
[SourceTitle "EXT 2024"]
[Source "ChessBase"]
[SourceDate "2023.10.10"]
[SourceVersion "1"]
[SourceVersionDate "2023.10.10"]
[SourceQuality "1"]

1. d4 Nf6 2. Nf3 g6 3. Nc3 d5 4. Bf4 Bg7 5. Nb5 Na6 6. e3 c6 7. Nc3 0-0 8. Bxa6 bxa6 9. Ne5 Qb6 10. b3 Nd7 11. Nd3 Re8 12. Na4 Qa5+ 13. c3 e5 14. dxe5 Nxe5 15. Nxe5 Bxe5 16. Bxe5 Rxe5 17. b4 Qd8 18. Nc5 a5 19. Qd4 Re8 20. 0-0 axb4 21. cxb4 a5 22. a3 Qg5 23. Kh1 Ba6 24. Rfc1 Bc4 25. bxa5 Rxa5 26. Nb7 Ra4 27. Nd6 Rea8 28. Nxc4 dxc4 29. Rxc4 Rxa3 30. Rac1 Qd5 31. Qxd5 cxd5 32. Rc8+ Rxc8 33. Rxc8+ Kg7 34. g4 Kf6 35. Kg2 Rd3 36. Kf3 Rd2 37. h4 h6 38. Rc6+ Kg7 39. Rd6 Rd1 40. Kg2 Rd2 41. e4 d4 42. e5 1-0

[Event "Titled Tuesday intern op 22nd Nov Late"]
[Site "Chess.com INT"]
[Date "2022.11.22"]
[Round "9"]
[White "Bazzano, Sebastian"]
[Black "Rodriguez Santiago, Jaime"]
[Result "1-0"]
[WhiteElo "2280"]
[BlackElo "1987"]
[PlyCount "37"]
[EventDate "2022.11.22"]
[EventType "swiss (blitz)"]
[EventRounds "11"]
[EventCountry "USA"]
[SourceTitle "CBM 211 Extra"]
[Source "ChessBase"]
[SourceDate "2023.01.31"]
[SourceVersion "1"]
[SourceVersionDate "2023.01.31"]
[SourceQuality "1"]

1. d4 d5 2. Bf4 c5 3. e4 cxd4 4. Qxd4 Nc6 5. Qxd5 Qxd5 6. exd5 Nb4 7. Bb5+ Bd7 8. Bxd7+ Kxd7 9. Na3 Nxd5 10. 0-0-0 Kc6 11. Bg3 e6 12. Nf3 Bxa3 13. Ne5+ Kb6 14. Nxf7 Be7 15. Nxh8 Nh6 16. Rhe1 Bg5+ 17. Kb1 Kc5 18. Rxe6 Rxh8 19. Re5 1-0